000 00860nam a2200277 i 4500
001 67939
003 ES-MaACL
005 20230906170157.0
007 t|
008 040216s1983 sp ||||1| spa d
020 _a84-306-3048-1
080 _a329(460)
080 _a396(460)"1936/1975"
100 1 _aGallego Méndez, María Teresa.
_953574
245 1 0 _aMujer, Falange y franquismo /
_cMaría Teresa Gallego Méndez.
260 _aMadrid :
_bTaurus,
_c[1983]
300 _a221 p. ;
_c21 cm.
490 1 _aBiblioteca política Taurus ;
_v48
504 _aBibliografía: p. 203-208.
610 2 4 _aFalange Española.
_94083
650 4 _aMujeres-
_zEspaña-
_xSituación social-
_y1939-1975.
_9167832
830 1 _aBiblioteca política Taurus ;
_v48
_9176515
852 4 _aES-MaACL
_jL-4859
852 4 _aES-MaACL
_jL-5373
999 _c67939
_d67939